000 01404nam a22003977a 4500
001 BR0304783
003 BR-BrBNA
005 20230928101404.0
007 ta
008 230509b bl.||||| |||| 00| 0 por d
040 _aBR-BrBNA
_bpor
_cBiblioteca Nacional de Agricultura
041 _a(Por)
072 _aE16; E50
_b9410
090 _ 9410 BR0304783
100 1 _aYamaguchi, L.C.T.
100 1 _aMendes, L.C.R.
100 1 _aLima, I.B. de
100 1 _aRodrigues, C. do C.(eds.)
110 1 _aEMBRAPA Gado de Leite, Juíz de Fora, MG (Brasil)
111 1 _a6. Encontro Regional de Produtores de Leite da Região Campo das Vertentes: Aspectos políticos, técnicos, econômicos e sociais da atividade leiteira
_cJuiz de Fora, MG (Brazil)
_d2003
245 1 _a6. Encontro Regional de Produtores de Leite da Região Campo das Vertentes: aspectos políticos, técnicos, econômicos e sociais da atividade leiteira
260 3 _aJuiz de Fora, MG (Brasil):
_c2003.
300 _a116 p.
500 _a15 illus.; 28 tables; Several bibliography
650 _aPRODUÇÃO LEITEIRA
650 _aANÁLISE ECONÔMICA
650 _aDESENVOLVIMENTO SOCIAL
650 _aNUTRIÇÃO ANIMAL
650 _aQUALIDADE
650 _aCUSTO DE PRODUÇÃO
650 _aASSOCIATIVISMO
650 _aZOOTECNIA
650 _aMINAS GERAIS
909 _a202309
_bLucia
_c55
_dLucia Elande
942 _cBK
999 _c65580
_d65580